Så Mycket Bättre deltagare - Statistics

General Stats
  • This quiz has been taken 176 times
  • The average score is 20 of 63
Answer Stats
Hint Answer % Correct
2010 Petter
78%
2012 Darin
73%
2012 Magnus Uggla
73%
2010 Lill-Babs
68%
2014 Carola Häggkvist
67%
2010 September
63%
2010 Lasse Berghagen
61%
2016 Danny Saucedo
59%
2012 Miss Li
58%
2014 Orup
51%
2015 Miriam Bryant
50%
2010 Plura Jonsson
47%
2015 Sven-Bertil Taube
44%
2011 Timbuktu
44%
2015 Niklas Strömstedt
42%
2015 Ison och Fille
41%
2011 Laleh
41%
2017 Eric Saade
39%
2015 Lisa Nilsson
38%
2012 Olle Ljungström
38%
2013 Agnes Carlsson
32%
2011 Lena Philipsson
32%
2011 Tomas Ledin
32%
2016 Tommy Nilsson
32%
2017 Icona Pop
31%
2014 Ola Salo
30%
2010 Thomas Di Leva
30%
2012 Maja Ivarsson
29%
2012 Sylvia Vrethammar
29%
2017 Uno Svenningsson
29%
2016 Little Jinder
28%
2011 Eva Dahlgren
27%
2013 Ken Ring
27%
2016 Magnus Carlson
27%
2013 Lill Lindfors
26%
2016 Jill Johnson
25%
2017 Sabina Ddumba
25%
2010 Christer Sandelin
24%
2011 E-Type
24%
2018 Linnea Henriksson
23%
2011 Mikael Wiehe
23%
2014 Amanda Jensen
22%
2018 Stor
22%
2017 Kikki Danielsson
21%
2018 Christer Sjögren
20%
2016 Lisa Ekdahl
20%
2013 Titiyo
20%
2017 Moneybrother
18%
2012 Pugh Rogefeldt
18%
2015 Andreas Kleerup
17%
2018 Charlotte Perrelli
17%
2014 Familjen
16%
2014 Love Antell
16%
2013 Bo Sundström
14%
2013 Ebbot Lundberg
14%
2018 Eric Gadd
14%
2016 Freddie Wadling
14%
2015 Jenny Berggren
13%
2018 Albin Lee Meldau
11%
2014 Kajsa Grytt
11%
2018 Louise Hoffsten
10%
2013 Ulf Dageby
10%
2017 Tomas Andersson Wij
9%
No matching quizzes found
Score Distribution
Percent of People with Each Score
Percentile by Number Answered
Your Score History
You have not taken this quiz